Ffordd y gwr cyffredin yn ei addoliad a'i ymarfer neu, Hyfforddiadau, wrth ba rai yr annyfgedig a allant wybod pa fôdd i'w hymddŵyn eu hunain : yn eu hamriw ddlydfwyddau tu-ag-at dduw a dŷn.

Bibliographic Details
Uniform Title:Plain mans way of worship and practice.
Format: eBook
Language:Welsh
Published: [Oxford] : Printiedig yn Rhydychen, yn y flwyddyn, 1683.
Series:Early English books online.
Subjects:
Online Access:Connect to the full text of this electronic book

MARC

Tag First Indicator Second Indicator Subfields
LEADER 00000nam a2200000 4500
001 in00004325708
005 20200812080607.0
006 m g d
007 cr bn |||a|bb|
008 950725s1683 enk o 00| | wel d
035 |a (UnM)99830353 
037 |a CL0037000083  |b ProQuest Information and Learning. 300 N. Zeeb Rd., Ann Arbor, MI 48106 
040 |a Cu-RivES  |c Cu-RivES  |d CStRLIN  |e dcrb  |d WaOLN 
130 0 |a Plain mans way of worship and practice.  |l Welsh. 
245 1 0 |a Ffordd y gwr cyffredin yn ei addoliad a'i ymarfer neu, Hyfforddiadau, wrth ba rai yr annyfgedig a allant wybod pa fôdd i'w hymddŵyn eu hunain :  |b yn eu hamriw ddlydfwyddau tu-ag-at dduw a dŷn. 
246 2 |a Ffordd y gwr cyffredin yn ei addoliad a'i ymarfer. 
246 2 |a Hyfforddiadau, wrth ba rai yr annyfgedig a allant wybod pa fôdd i'w hymddŵyn eu hunain. 
260 |a [Oxford] :  |b Printiedig yn Rhydychen,  |c yn y flwyddyn, 1683. 
300 |a 1 online resource ([4], 48, [2], 52-61 pages) 
336 |a text  |b txt  |2 rdacontent 
337 |a computer  |b c  |2 rdamedia 
338 |a online resource  |b cr  |2 rdacarrier 
500 |a Another edition, in Welsh, of: The plain mans way of worship and practice. 
500 |a Text is continuous despite pagination. 
500 |a Copy tightly bound and closely trimmed with slight loss of text; annotated in MS. at foot of pages [4]: Iohn Williams; MS. slip bound in at end with title and imprint translated into English. 
500 |a Reproduction of the original in the Bodleian Library, Oxford. 
510 4 |a Wing (2nd edition)  |c F843A. 
510 3 |a Rees, E. Libri Walliae, I, 2041. 
533 |a Electronic reproduction.  |b Ann Arbor, Mich. :  |c UMI,  |d 1999-  |f (Early English books online)  |n Digital version of: (Early English books, 1641-1700 ; 2090:8)  |7 s1999 miun s 
650 0 |a Worship  |v Early works to 1800. 
650 0 |a Christian life  |v Early works to 1800. 
830 0 |a Early English books online. 
856 4 0 |u http://proxy.library.tamu.edu/login?url=https://search.proquest.com/docview/2240893023  |z Connect to the full text of this electronic book  |t 0 
999 f f |s 704b4cf7-09c2-33f3-96c4-6d3336e6ef81  |i 9c3c6dcc-123a-3bff-9fcc-be8f4ec87d16  |t 0 
952 f f |a Texas A&M University  |b College Station  |c Electronic Resources  |d Available Online  |t 0  |h No information provided 
998 f f |t 0  |l Available Online